[Event "GRE-chT U16 9th"]
[Site "Thessaloniki"]
[Date "2016.12.17"]
[Round "4.4"]
[White "Evaggeliou, Marios"]
[Black "Thomaidis, Charalampos"]
[Result "1-0"]
[WhiteElo "926"]
[BlackElo "830"]
[PlyCount "73"]
[EventDate "2016.12.15"]
[EventType "team-swiss"]
[EventRounds "6"]
[EventCountry "GRE"]
[SourceTitle "CBM 176 Extra"]
[Source "ChessBase"]
[SourceDate "2017.03.02"]
[SourceVersion "1"]
[SourceVersionDate "2017.03.02"]
[SourceQuality "1"]
[WhiteTeam "Petropoulis Dias"]
[BlackTeam "Kalamata"]
[WhiteTeamCountry "GRE"]
[BlackTeamCountry "GRE"]

1. e4 c5 2. Nf3 Nc6 3. d4 cxd4 4. Nxd4 g6 5. Nxc6 bxc6 6. Bc4 Bg7 7. Qf3 Nf6 8. e5 Qa5+ 9. Nc3 Qxe5+ 10. Be3 0-0 11. 0-0 d5 12. Bb3 d4 13. Bf4 Qh5 14. Qxc6 Bf5 15. Nd5 e6 16. Nxf6+ Bxf6 17. h3 Rac8 18. Qa4 e5 19. Bh2 Qg5 20. Qxa7 Bxh3 21. Qb7 Qg4 22. Kh1 Rc7 23. gxh3 Rxb7 24. hxg4 Kg7 25. Rfe1 Bh4 26. Bxe5+ Kg8 27. Bxd4 Rd7 28. c3 Re7 29. Rxe7 Bxe7 30. a4 h5 31. gxh5 gxh5 32. Rg1+ Kh7 33. Bc2+ Kh6 34. Be3+ Bg5 35. Bxg5+ Kg7 36. Be7+ Kh8 37. Bf6# 1-0